000 00576nam a22001817i 4500
999 _c22834
_d22834
003 AR-CdUCM
008 240419b20232023pe ||||| |||| 00| 0 spa d
020 _a978-612-48107-9-4
040 _aMUNICIPALIDAD PROVINCIAL DEL CUSCO
_cBIBLIOTECA MUNICIPAL DEL CUSCO
041 _hspa
082 _2segunda
_a869.57 / R7816J
_bR7816J
100 _aRojas Loyola, Lis Geraldine
_949526
245 _aEl Juego del Aire / (Sistema Braille)
260 _aLima :
_bL & R Consulting Corp.,
_c2023
300 _a74 páginas. :
_c29.7 cm.
942 _2ddc
_cLIBROS
945 _apbj
_d2024-04-19